| 000 | 01576cam a22001934a 4500 | ||
|---|---|---|---|
| 005 | 20250605164025.0 | ||
| 008 | 250528s ||||||||||||||||||||||||d | ||
| 035 | _a16503 | ||
| 040 |
_aGR-AtMCL _bgre _dGR-AtMCL _eAACR2 |
||
| 245 | 1 | _aΑναβάθμιση & Επισκευή Υπολογιστών / Computer Steps in Easy Steps | |
| 250 | _a1η | ||
| 260 |
_bΕθνική Τράπεζα Της Ελλάδος, _c2006 |
||
| 300 | _a192 | ||
| 520 | _aΤο παρόν βιβλίο επιτρέπει να διατηρήσετε τον υπολογιστή σας ακμαίο και εξηγεί τον τρόπο αντικατάστασης εξαρτημάτων ή προσθήκης νέων. Προτού Ανοίξετε την Εργαλειοθήκη, Ανακαλύψτε τον Υπολογιστή, Ταχύτερος Υπολογιστής, Δημιουργήστε έναν Πολυχρηστικό Υπολογιστή, Μεγαλύτερος Χώρος Αποθήκευσης, Επιλογές Μονάδων Αφαιρούμενων Μέσων, Βελτιώστε την Εικόνα και τον Ήχο του Υπολογιστή, Δημιουργήστε έναν Αξιόπιστο Υπολογιστή, Βελτιώστε τις Επιλογές Εισαγωγής και Ελέγχου, Επιλογές Εξόδου Δεδομένων, Καλύτερες Συνδέσεις Δικτύου, Επισκευή του Υπολογιστή, Ευρετήριο. | ||
| 700 | 1 |
_aYarnold Stuart _92598 |
|
| 942 | _cBK | ||
| 999 |
_c1997 _d1997 |
||